000 00485cam a2200145 4500500
005 20260329012959.0
041 _afre
042 _adc
100 1 0 _aMambrino, Jean
_eauthor
245 0 0 _aFlorence Delay , Trois désobéissances , Roman. Gallimard, 2004, 216 pages, 16,50 €
260 _c2005.
500 _a8
786 0 _nÉtudes | 402 | 2 | 2005-02-01 | p. II-II | 0014-1941
856 4 1 _uhttps://shs.cairn.info/revue-etudes-2005-2-page-II?lang=fr&redirect-ssocas=7080
999 _c1876128
_d1876128